000 00511nam a22001691a 4500
001 6086
003 OSt
005 20260204212039.0
008 060306s1998||||dr ||||||b||||||||||spa||
050 _aRD 394.14 R299l
110 _aRepública Dominicana
245 _aLey No. 50-88 sobre drogas y sustancias controladas en la Drogas República Dominicana y sus modificaciones
264 _aSanto Domingo : Congreso Nacional
300 _a54 p
650 _a1.Drogas - Costumbre 2.Drogas - LeyÌ
942 _2ddc
_cBK
999 _c6086
_d6086